Galéria súčasného umenia, Hubice
Guardado en:
| Autor principal: | |
|---|---|
| Otros Autores: | |
| Formato: | Manuscrito Libro |
| Lenguaje: | eslovaco |
| Publicado: |
2024
|
| Materias: | |
| Acceso en línea: | http://is.stuba.sk/zp/portal_zp.pl?podrobnosti=162029 |
| Etiquetas: |
Sin Etiquetas, Sea el primero en etiquetar este registro!
|
MARC
| LEADER | 00000ntm a22000003a 4500 | ||
|---|---|---|---|
| 001 | stuzp99164 | ||
| 003 | SK-STU | ||
| 005 | 20240615211335.6 | ||
| 007 | ta | ||
| 008 | 150427s2015----xo-----f-mn---000-0-slo-d | ||
| 040 | |a STU |b slo | ||
| 041 | 0 | |a slo | |
| 100 | 1 | |a Veselko, Jorik |u 054140 |4 aut |U FAD Fakulta architektúry a dizajnu |T FAD Ústav konštrukcií v architektúre a inžinierskych stavieb |X 110287 |U A4140 |Y 395 |7 110287 | |
| 242 | 0 | 1 | |a Art Museum, Hubice |y eng |
| 245 | 1 | 0 | |a Galéria súčasného umenia, Hubice |
| 260 | |c 2024 | ||
| 650 | 4 | |a galéria |2 slo | |
| 650 | 4 | |a vonkajšie expozície |2 slo | |
| 650 | 4 | |a kaviareň |2 slo | |
| 650 | 4 | |a koridor |2 slo | |
| 650 | 4 | |a coffee shop |2 eng | |
| 650 | 4 | |a exterior expositions |2 eng | |
| 650 | 4 | |a gallery |2 eng | |
| 650 | 4 | |a corridor |2 eng | |
| 700 | 1 | |a Hain, Vladimír |u 054140 |k Z1 |4 ths |U FAD Fakulta architektúry a dizajnu |T FAD Ústav konštrukcií v architektúre a inžinierskych stavieb |X 27763 |U A4140 |Y 395 |7 A000027763 | |
| 856 | 4 | |u http://is.stuba.sk/zp/portal_zp.pl?podrobnosti=162029 | |